[Event "Hessen Senioren-ch 2012  8th"]
[Site "Bad Sooden-Adf. (14.4.-22.4)"]
[Date "2012.04.15"]
[Round "2.66"]
[White "Rehder, Frank"]
[Black "Paulin, Dieter"]
[Result "1-0"]
[WhiteElo "1705"]
[BlackElo "1493"]
[PlyCount "69"]
[EventDate "2012.04.??"]
[EventType "swiss"]
[EventRounds "9"]
[EventCountry "GER"]
[WhiteTeam "Berlin Zugzwang 95 SC"]
[BlackTeam "Dingelstädt 1921 SK"]

1. d4 e6 2. Nf3 Nf6 3. b3 d5 4. Bb2 Bd6 5. e3 a6 6. Bd3 b5 7. Qe2 Nbd7 8. O-O
O-O 9. Nbd2 c5 10. c4 b4 11. a3 Bb7 12. axb4 cxb4 13. c5 Bxc5 14. dxc5 Nxc5 15.
Ne5 Nfe4 16. Nxe4 dxe4 17. Bc4 a5 18. Rfd1 Qg5 19. Nd7 Rfd8 20. Nxc5 Rxd1+ 21.
Rxd1 Qxc5 22. Qg4 Qf8 23. Qg5 Bc6 24. Qe5 h6 25. Rd6 Bb7 26. Rd7 Bc8 27. Rc7
Ba6 28. Bxa6 Rd8 29. Bd4 Rd5 30. Qxe4 Rd8 31. Bd3 g6 32. Qe5 Kh7 33. Qxe6 Kg8
34. Qf6 Rxd4 35. exd4 1-0

[Event "Hessen Senioren-ch 2012  8th"]
[Site "Bad Sooden-Adf. (14.4.-22.4)"]
[Date "2012.04.15"]
[Round "2.67"]
[White "Geibel, Henning"]
[Black "Matrisch, Gerd"]
[Result "0-1"]
[WhiteElo "1237"]
[BlackElo "1737"]
[PlyCount "69"]
[EventDate "2012.04.??"]
[EventType "swiss"]
[EventRounds "9"]
[EventCountry "GER"]
[WhiteTeam "Bargteheide SV"]
[BlackTeam "Wanne-Eickel SV"]

1. e4 e6 2. Nf3 d5 3. e5 c5 4. d4 Nc6 5. c4 cxd4 6. Nxd4 Nxe5 7. cxd5 exd5 8.
Bb5+ Bd7 9. O-O Be7 10. Qh5 Bxb5 11. Nxb5 Ng6 12. Qxd5 Nf6 13. Qxb7 O-O 14.
Nxa7 Bc5 15. Nc6 Qd6 16. Nc3 Rfc8 17. Na5 Rcb8 18. Nb5 Qd3 19. Qf3 Qxf3 20.
gxf3 Rxa5 21. Nc3 Bd4 22. Rd1 Bxc3 23. bxc3 Rc5 24. Bd2 h6 25. a4 Nh4 26. f4
Nf3+ 27. Kg2 Nxd2 28. Rxd2 Rxc3 29. a5 Ra8 30. a6 Ra7 31. Rb2 Rc6 32. Rb8+ Kh7
33. Rb7 Raxa6 34. Rxa6 Rxa6 35. Rxf7 0-1

[Event "Hessen Senioren-ch 2012  8th"]
[Site "Bad Sooden-Adf. (14.4.-22.4)"]
[Date "2012.04.15"]
[Round "2.68"]
[White "Blosze, Winfried"]
[Black "Fuhlrott, Heinz"]
[Result "1/2-1/2"]
[WhiteElo "1710"]
[BlackElo "1501"]
[PlyCount "58"]
[EventDate "2012.04.??"]
[EventType "swiss"]
[EventRounds "9"]
[EventCountry "GER"]
[WhiteTeam "Großauheim 1929 SV"]
[BlackTeam "Winsen Fichte MTV"]

1. e4 c6 2. d4 d5 3. exd5 cxd5 4. c4 Nf6 5. Nc3 e6 6. Nf3 Be7 7. Be2 O-O 8. O-O
b6 9. h3 Bb7 10. Be3 Nbd7 11. Ne5 Nxe5 12. dxe5 Nd7 13. cxd5 Nxe5 14. dxe6 fxe6
15. Qb3 Rf6 16. Rad1 Qe8 17. f4 Qg6 18. g4 Nc6 19. f5 Qf7 20. fxe6 Qxe6 21.
Qxe6+ Rxe6 22. Bc4 Bc8 23. Bf2 Ne5 24. Bxe6+ Bxe6 25. Bg3 Nc4 26. Rde1 Bc5+ 27.
Kh2 Bd7 28. b3 Nd2 29. Ne4 Nxf1+ 1/2-1/2

[Event "Hessen Senioren-ch 2012  8th"]
[Site "Bad Sooden-Adf. (14.4.-22.4)"]
[Date "2012.04.15"]
[Round "2.69"]
[White "Winkler, Werner"]
[Black "Kienel, Norbert"]
[Result "0-1"]
[WhiteElo "1513"]
[BlackElo "1696"]
[PlyCount "54"]
[EventDate "2012.04.??"]
[EventType "swiss"]
[EventRounds "9"]
[EventCountry "GER"]
[WhiteTeam "Bad Sooden-Allendorf SK"]
[BlackTeam "Osnabrück SV"]

1. e4 c5 2. Bc4 e6 3. Nc3 Nc6 4. Nf3 Nge7 5. a3 d5 6. exd5 exd5 7. Bb5 a6 8.
Bxc6+ Nxc6 9. h3 Be6 10. O-O Bd6 11. d3 h6 12. Re1 O-O 13. Ne2 Qf6 14. c3 Bxh3
15. Ng3 Bg4 16. Be3 Ne5 17. Re2 Nxf3+ 18. Kf1 Nh4 19. Kg1 Bxe2 20. Qxe2 Rfe8
21. Qg4 Bxg3 22. Qxg3 Nf5 23. Qf3 Nxe3 24. Qxf6 gxf6 25. fxe3 Rxe3 26. Rd1 Rae8
27. Rd2 Re2 0-1

[Event "Hessen Senioren-ch 2012  8th"]
[Site "Bad Sooden-Adf. (14.4.-22.4)"]
[Date "2012.04.15"]
[Round "2.70"]
[White "Brandt, Fred(36)"]
[Black "Scholz, Werner(41)"]
[Result "1/2-1/2"]
[WhiteElo "1687"]
[BlackElo "1552"]
[PlyCount "97"]
[EventDate "2012.04.??"]
[EventType "swiss"]
[EventRounds "9"]
[EventCountry "GER"]
[WhiteTeam "Berlin Königsjäger SW SV"]
[BlackTeam "Eberswalde 1949 ESV"]

1. d4 d5 2. Nf3 Nf6 3. e3 e6 4. Bd3 c5 5. c3 Bd6 6. Nbd2 Nc6 7. dxc5 Bxc5 8.
O-O O-O 9. Qc2 e5 10. e4 Re8 11. Nb3 Bb6 12. Bg5 dxe4 13. Bxe4 h6 14. Rad1 Qe7
15. Bh4 Bg4 16. Nbd2 g5 17. Bg3 Nxe4 18. Qxe4 f5 19. Qc4+ Kg7 20. h3 Bh5 21. b3
Rac8 22. Qb5 f4 23. Bh2 e4 24. Rde1 Bg6 25. Nc4 Qc5 26. Qxc5 Bxc5 27. Nd4 Nxd4
28. cxd4 Bb4 29. Re2 Bh5 30. f3 exf3 31. Rxe8 Rxe8 32. gxf3 Rd8 33. Kg2 b5 34.
Ne5 Rxd4 35. Nc6 Rd2+ 36. Rf2 Rxf2+ 37. Kxf2 Bc5+ 38. Ke2 Kf6 39. b4 Bb6 40.
Nb8 Ke6 41. Nc6 Kd6 42. Na5 Kd5 43. a3 Bxa5 44. bxa5 Kc4 45. Bg1 a6 46. Bf2 Bg6
47. h4 Kb3 48. hxg5 hxg5 49. Bc5 1/2-1/2

[Event "Hessen Senioren-ch 2012  8th"]
[Site "Bad Sooden-Adf. (14.4.-22.4)"]
[Date "2012.04.15"]
[Round "2.71"]
[White "Bill, Eugen"]
[Black "Richter, Hildegard"]
[Result "1/2-1/2"]
[WhiteElo "1558"]
[BlackElo "1673"]
[PlyCount "41"]
[EventDate "2012.04.??"]
[EventType "swiss"]
[EventRounds "9"]
[EventCountry "GER"]
[WhiteTeam "Limburg Lahn SV"]
[BlackTeam "Zwickau West Empor SV"]

1. d4 Nf6 2. Nf3 e6 3. c4 d5 4. Nc3 c6 5. Bg5 Be7 6. e3 Nbd7 7. cxd5 Nxd5 8.
Bxe7 Qxe7 9. Bd3 N7f6 10. O-O O-O 11. Nxd5 exd5 12. Qc2 h6 13. a3 Re8 14. b4
Ne4 15. Ne5 Nf6 16. Rac1 Be6 17. Qb2 Nd7 18. Nxd7 Qxd7 19. b5 Rab8 20. Rb1 Qd6
21. Rfc1 1/2-1/2

[Event "Hessen Senioren-ch 2012  8th"]
[Site "Bad Sooden-Adf. (14.4.-22.4)"]
[Date "2012.04.15"]
[Round "2.72"]
[White "Hespers, Rolf"]
[Black "Geisler, Reinhard"]
[Result "0-1"]
[WhiteElo "1465"]
[BlackElo "1709"]
[PlyCount "56"]
[EventDate "2012.04.??"]
[EventType "swiss"]
[EventRounds "9"]
[EventCountry "GER"]
[WhiteTeam "Weida(Thür) Osterburg TuS"]
[BlackTeam "Werther 1949 SK"]

1. d4 d5 2. Nf3 Nf6 3. Nc3 e6 4. a3 c5 5. e3 Nc6 6. Be2 a6 7. O-O Bd6 8. Na4 c4
9. b3 cxb3 10. cxb3 Ne4 11. Nd2 Nxd2 12. Bxd2 O-O 13. Bd3 e5 14. Bc3 e4 15. Be2
f5 16. Qc2 f4 17. exf4 Bxf4 18. Qb2 Bd6 19. Bd2 Bf5 20. f3 Qh4 21. g3 Bxg3 22.
hxg3 Qxg3+ 23. Kh1 Qh4+ 24. Kg1 Rf6 25. Rf2 Bh3 26. Bf1 Rg6+ 27. Bg2 exf3 28.
Be1 Qxd4 0-1

[Event "Hessen Senioren-ch 2012  8th"]
[Site "Bad Sooden-Adf. (14.4.-22.4)"]
[Date "2012.04.15"]
[Round "2.73"]
[White "Claus, Joachim"]
[Black "Graffenberger, Wilhelm"]
[Result "1-0"]
[WhiteElo "1684"]
[BlackElo "1484"]
[PlyCount "104"]
[EventDate "2012.04.??"]
[EventType "swiss"]
[EventRounds "9"]
[EventCountry "GER"]
[WhiteTeam "Witten SG"]
[BlackTeam "Hamburger SK"]

1. e4 c5 2. d4 cxd4 3. c3 d3 4. Bxd3 e5 5. Nf3 Nc6 6. Bc4 Nf6 7. Ng5 d5 8. exd5
Na5 9. Bb5+ Bd7 10. Qe2 Bd6 11. b4 a6 12. Bxd7+ Qxd7 13. bxa5 Nxd5 14. O-O O-O
15. Nxh7 Kxh7 16. Qe4+ Kg8 17. Qxd5 e4 18. Bf4 Rad8 19. Bxd6 Qxd6 20. Qxe4 Rfe8
21. Qxb7 Re2 22. Qf3 Qe7 23. Na3 Rdd2 24. Nc4 Rc2 25. Ne3 Rb2 26. Rab1 Rxf2 27.
Rxf2 Rxb1+ 28. Nf1 Qa7 29. Qe2 Rb7 30. Qe8+ Kh7 31. Qe4+ Kg8 32. Qd4 Qb8 33.
Rd2 Rb2 34. Qd8+ Qxd8 35. Rxd8+ Kh7 36. Rd6 Rxa2 37. Rxa6 Rc2 38. Rc6 Ra2 39.
a6 Ra1 40. c4 f6 41. c5 Kg6 42. Kf2 Ra2+ 43. Kf3 Kf7 44. Rc7+ Kg6 45. a7 Ra3+
46. Ne3 f5 47. h4 Kf6 48. g3 g6 49. c6 Ke6 50. Rg7 Kd6 51. c7 Rxa7 52. c8=Q
Rxg7 1-0

[Event "Hessen Senioren-ch 2012  8th"]
[Site "Bad Sooden-Adf. (14.4.-22.4)"]
[Date "2012.04.15"]
[Round "2.74"]
[White "Klose, Hans-Peter"]
[Black "Schuetze, Manfred(41)"]
[Result "1/2-1/2"]
[WhiteElo "1442"]
[BlackElo "1633"]
[PlyCount "30"]
[EventDate "2012.04.??"]
[EventType "swiss"]
[EventRounds "9"]
[EventCountry "GER"]
[WhiteTeam "Göttingen Rot-Weiß ESV"]
[BlackTeam "Gräfenhainichen VfL"]

1. c4 b6 2. Nf3 Nf6 3. g3 Bb7 4. Bg2 e6 5. Nc3 Be7 6. O-O O-O 7. e3 d6 8. b3
Nbd7 9. Bb2 Ne4 10. Nxe4 Bxe4 11. d3 Bb7 12. e4 Bf6 13. Qe2 Bxb2 14. Qxb2 Qe7
15. Rae1 a5 1/2-1/2

[Event "Hessen Senioren-ch 2012  8th"]
[Site "Bad Sooden-Adf. (14.4.-22.4)"]
[Date "2012.04.15"]
[Round "2.75"]
[White "Roth, Reinhard"]
[Black "Goepfart, Dietrich"]
[Result "1-0"]
[WhiteElo "1596"]
[BlackElo "1438"]
[PlyCount "63"]
[EventDate "2012.04.??"]
[EventType "swiss"]
[EventRounds "9"]
[EventCountry "GER"]
[WhiteTeam "Königstein/Schwalbach Sfr."]
[BlackTeam "Weimar Vimaria 91 SSV"]

1. e4 e5 2. d4 exd4 3. Qxd4 Nc6 4. Qe3 d6 5. Bd2 Nf6 6. Nc3 Be7 7. f3 a6 8.
O-O-O Be6 9. h3 b5 10. f4 d5 11. exd5 Nxd5 12. Qe4 Qd7 13. g4 Ndb4 14. Rh2 O-O
15. Be2 Bd6 16. a3 f5 17. Qg2 Na2+ 18. Nxa2 Bxa2 19. Bd3 Nd4 20. gxf5 c6 21.
Ne2 Bxa3 22. Bc3 c5 23. bxa3 b4 24. axb4 Rab8 25. bxc5 Rb1+ 26. Kd2 Rxd1+ 27.
Kxd1 Nxf5 28. Bd2 Rb8 29. Qe4 Rb1+ 30. Bc1 Bf7 31. Qxf5 Be6 32. Qxh7+ 1-0

[Event "Hessen Senioren-ch 2012  8th"]
[Site "Bad Sooden-Adf. (14.4.-22.4)"]
[Date "2012.04.15"]
[Round "2.76"]
[White "Wauer, Klaus"]
[Black "Fromme, Werner"]
[Result "1/2-1/2"]
[WhiteElo "1362"]
[BlackElo "1653"]
[PlyCount "53"]
[EventDate "2012.04.??"]
[EventType "swiss"]
[EventRounds "9"]
[EventCountry "GER"]
[WhiteTeam "Nordhausen 51 SC"]
[BlackTeam "Witten SG"]

1. e4 g6 2. d4 Bg7 3. Nc3 e6 4. Nf3 d6 5. Be2 Ne7 6. O-O O-O 7. Be3 c6 8. Qd2
Nd7 9. Bh6 f6 10. Bxg7 Kxg7 11. Bc4 d5 12. exd5 exd5 13. Bb3 Re8 14. Rfe1 Nf8
15. Re3 Be6 16. Rae1 Qd7 17. Ne2 Nf5 18. Rd3 Re7 19. Qf4 Rae8 20. Rdd1 Bf7 21.
Ng3 Nxg3 22. Qxg3 Rxe1+ 23. Rxe1 Rxe1+ 24. Nxe1 Qe7 25. Qe3 Qxe3 26. fxe3 Nd7
27. Nd3 1/2-1/2

[Event "Hessen Senioren-ch 2012  8th"]
[Site "Bad Sooden-Adf. (14.4.-22.4)"]
[Date "2012.04.15"]
[Round "2.77"]
[White "Gelzinnus, Siegfried"]
[Black "Ludwig, Richard(44)"]
[Result "1/2-1/2"]
[WhiteElo "1615"]
[BlackElo "1497"]
[PlyCount "78"]
[EventDate "2012.04.??"]
[EventType "swiss"]
[EventRounds "9"]
[EventCountry "GER"]
[WhiteTeam "Wetzlar Anderssen Sfr."]
[BlackTeam "Irxleben SV"]

1. Nf3 Nf6 2. g3 b6 3. Bg2 Bb7 4. d4 e6 5. c4 Nc6 6. Nc3 d5 7. a3 dxc4 8. Qa4
Bd6 9. Qxc4 O-O 10. b4 Ne7 11. O-O Rc8 12. Nb5 Bd5 13. Qd3 a6 14. Nxd6 cxd6 15.
Nd2 Bxg2 16. Kxg2 b5 17. e4 Nd7 18. Bb2 Nb6 19. Rac1 Qd7 20. f3 Rxc1 21. Rxc1
Rc8 22. Rxc8+ Qxc8 23. Qc3 Qb7 24. d5 e5 25. Nb3 Nc4 26. Bc1 h6 27. Nd2 Nxd2
28. Bxd2 f6 29. f4 Kh8 30. f5 Qc8 31. Qb3 Qc7 32. Kf3 Nc8 33. Be3 Ne7 34. Ke2
Kh7 35. Kd3 Kg8 36. Qc2 Qxc2+ 37. Kxc2 Nc8 38. Kb3 Kf8 39. a4 Ke7 1/2-1/2

[Event "Hessen Senioren-ch 2012  8th"]
[Site "Bad Sooden-Adf. (14.4.-22.4)"]
[Date "2012.04.15"]
[Round "2.78"]
[White "Tomas, Johann"]
[Black "Geist, Wolfgang"]
[Result "1-0"]
[WhiteElo "1567"]
[BlackElo "1348"]
[PlyCount "49"]
[EventDate "2012.04.??"]
[EventType "swiss"]
[EventRounds "9"]
[EventCountry "GER"]
[WhiteTeam "Bad Sooden-Allendorf SK"]
[BlackTeam "Artern 90 SSV"]

1. e4 d5 2. e5 c5 3. d3 Nc6 4. Bf4 e6 5. Nf3 Nge7 6. c3 Ng6 7. Bg3 Be7 8. Be2
O-O 9. O-O a6 10. Qc2 d4 11. Re1 Rb8 12. a3 b6 13. Nbd2 Bb7 14. c4 Qc7 15. Bd1
Rbd8 16. Rb1 a5 17. Nb3 Ra8 18. Nbd2 Rad8 19. Nf1 Bc8 20. h3 Bd7 21. N1h2 Qa7
22. Ng4 Rfe8 23. Re4 f5 24. exf6 Bxf6 25. Bd6 1-0

[Event "Hessen Senioren-ch 2012  8th"]
[Site "Bad Sooden-Adf. (14.4.-22.4)"]
[Date "2012.04.15"]
[Round "2.79"]
[White "Schiller, Hans(42)"]
[Black "Fritsche, Rainer"]
[Result "1-0"]
[WhiteElo "1611"]
[BlackElo "1344"]
[PlyCount "93"]
[EventDate "2012.04.??"]
[EventType "swiss"]
[EventRounds "9"]
[EventCountry "GER"]
[WhiteTeam "Bad Lausick Sfr."]
[BlackTeam "Kasseler 1876 SK"]

1. d4 d5 2. Nf3 Nf6 3. e3 Bg4 4. Be2 e6 5. O-O Nbd7 6. h3 Bh5 7. c4 c6 8. Nc3
Bd6 9. Qb3 Rb8 10. Re1 O-O 11. Bd1 Ne4 12. Nxe4 dxe4 13. Nd2 Bxd1 14. Rxd1 Nf6
15. Qc2 Qe7 16. Nxe4 Nxe4 17. Qxe4 Rfd8 18. c5 Bc7 19. Bd2 Rd5 20. Rac1 f5 21.
Qc2 Rd7 22. Bc3 Qf7 23. e4 f4 24. Rd3 Re8 25. b3 Bd8 26. Rf3 g5 27. Rd1 Qg6 28.
Re1 Bc7 29. Qb2 h5 30. e5 Rf8 31. g4 h4 32. b4 a6 33. a4 Rb8 34. b5 cxb5 35.
axb5 axb5 36. Qxb5 Qg7 37. Rb1 Rd5 38. Rd3 Qd7 39. Qc4 Qc6 40. Rd2 Qe8 41. Rdb2
Qc6 42. Qd3 Kg7 43. Qb5 Rdd8 44. Qxc6 bxc6 45. Rb7 Rxb7 46. Rxb7 Rc8 47. Ba5
1-0

[Event "Hessen Senioren-ch 2012  8th"]
[Site "Bad Sooden-Adf. (14.4.-22.4)"]
[Date "2012.04.15"]
[Round "2.80"]
[White "Otto, Klaus(41)"]
[Black "Borkenhagen, Bernd"]
[Result "1/2-1/2"]
[WhiteElo "1577"]
[BlackElo "1358"]
[PlyCount "96"]
[EventDate "2012.04.??"]
[EventType "swiss"]
[EventRounds "9"]
[EventCountry "GER"]
[WhiteTeam "Triebes Thüringer SV"]
[BlackTeam "Hamelner SV"]

1. e4 e5 2. Nf3 d6 3. Be2 Be7 4. Nc3 c6 5. O-O Nf6 6. h3 h6 7. d4 exd4 8. Nxd4
O-O 9. Be3 Qc7 10. Qd2 Nh7 11. a3 Bf6 12. b4 a6 13. Rab1 Bd7 14. Nb3 Be6 15.
Na4 Nd7 16. Rfd1 b5 17. Nc3 Bxc3 18. Qxc3 Bxb3 19. Qxb3 Ndf6 20. f3 Rfd8 21.
Bf4 Ne8 22. Rd2 Rd7 23. Rbd1 Rad8 24. c4 Qb7 25. Qe3 g5 26. Bg3 f6 27. Qc3 Kf7
28. Qd3 Nf8 29. Qb3 Ne6 30. cxb5 axb5 31. f4 Ke7 32. Bg4 N8g7 33. f5 Nf4 34.
Bxf4 gxf4 35. Qf3 Qb6+ 36. Qf2 Qxf2+ 37. Rxf2 d5 38. exd5 Rxd5 39. Rxd5 Rxd5
40. Rxf4 Rd3 41. Bf3 Rc3 42. g4 Kd6 43. Bg2 Rxa3 44. Rd4+ Kc7 45. Re4 Kd7 46.
Kf2 Rc3 47. Rd4+ Kc7 48. Re4 Kd7 1/2-1/2

[Event "Hessen Senioren-ch 2012  8th"]
[Site "Bad Sooden-Adf. (14.4.-22.4)"]
[Date "2012.04.15"]
[Round "2.81"]
[White "Semisch, Helga"]
[Black "Narr, Irmgard"]
[Result "1/2-1/2"]
[WhiteElo "1256"]
[BlackElo "1485"]
[PlyCount "122"]
[EventDate "2012.04.??"]
[EventType "swiss"]
[EventRounds "9"]
[EventCountry "GER"]
[WhiteTeam "Schmalkalden 04 SV"]
[BlackTeam "Mühlhof-Rdf. SC"]

1. d4 Nf6 2. e3 b6 3. Nf3 Bb7 4. Bd3 e6 5. Nbd2 Be7 6. O-O O-O 7. e4 d6 8. h3
c5 9. e5 dxe5 10. dxe5 Nd5 11. Ne4 h6 12. a3 Nc6 13. c4 Nc7 14. Qc2 Nd4 15.
Nxd4 Qxd4 16. Bf4 Qd8 17. Rad1 Qe8 18. Qe2 Na6 19. Qg4 f5 20. exf6 Bxf6 21.
Bxh6 Qe7 22. b3 Bd4 23. Bg5 Qd7 24. Ng3 Qf7 25. Rd2 Rac8 26. Qh4 g6 27. Qh6 Qg7
28. Bxg6 Nb8 29. Nh5 Qxh6 30. Bxh6 Rf5 31. Bxf5 exf5 32. Re2 Be4 33. Bf4 Nc6
34. Ng3 Bd3 35. Rfe1 Kf7 36. Rd2 Bc3 37. Red1 Bxd2 38. Rxd2 Bb1 39. Rd5 Nd4 40.
Be3 Nxb3 41. Rd7+ Ke6 42. Rxa7 Na5 43. Bg5 Nxc4 44. Re7+ Kd5 45. a4 Bc2 46. h4
Nd6 47. Ra7 c4 48. a5 bxa5 49. Rxa5+ Ke6 50. Bf4 Nb7 51. Re5+ Kf6 52. Rb5 Nc5
53. Bg5+ Ke6 54. h5 Nd3 55. h6 f4 56. Ne2 Kf7 57. Bxf4 Nxf4 58. Nxf4 c3 59.
Rb7+ Kf6 60. Nd5+ Ke5 61. Ne3 Be4 1/2-1/2

[Event "Hessen Senioren-ch 2012  8th"]
[Site "Bad Sooden-Adf. (14.4.-22.4)"]
[Date "2012.04.15"]
[Round "2.82"]
[White "Burkardt, Robert"]
[Black "Wernitz, Armin"]
[Result "1/2-1/2"]
[WhiteElo "1521"]
[BlackElo "1328"]
[PlyCount "91"]
[EventDate "2012.04.??"]
[EventType "swiss"]
[EventRounds "9"]
[EventCountry "GER"]
[WhiteTeam "Fechenheim SV"]
[BlackTeam "Brandenburg Post SpV"]

1. e4 g6 2. d4 Bg7 3. c3 c6 4. Nf3 d5 5. exd5 cxd5 6. Be2 Nf6 7. O-O O-O 8. h3
a6 9. Be3 b5 10. a3 Bb7 11. Nbd2 Nbd7 12. Bf4 h6 13. Ne5 Rc8 14. Nxd7 Nxd7 15.
Nf3 g5 16. Bh2 f5 17. Nd2 e5 18. dxe5 Nxe5 19. f4 Qb6+ 20. Kh1 Nc4 21. Rb1 Ne3
22. Bg1 d4 23. Bxe3 dxe3 24. Nb3 Rcd8 25. Qe1 Bd5 26. Na1 Qb7 27. Bf3 gxf4 28.
Bxd5+ Rxd5 29. Rxf4 Rd2 30. Rf3 f4 31. Nb3 Rd6 32. Rd1 Rg6 33. Nd4 Qe4 34. Kg1
Be5 35. Kf1 Rf7 36. Qe2 Rfg7 37. g4 h5 38. Nf5 hxg4 39. hxg4 Rf7 40. Rd8+ Rf8
41. Ne7+ Kf7 42. Rxf8+ Kxf8 43. Nxg6+ Qxg6 44. Rh3 Ke7 45. Qd1 Bd6 46. Rh5
1/2-1/2

[Event "Hessen Senioren-ch 2012  8th"]
[Site "Bad Sooden-Adf. (14.4.-22.4)"]
[Date "2012.04.15"]
[Round "2.84"]
[White "Stark, Werner(51)"]
[Black "Brahn, Helmut"]
[Result "0-1"]
[WhiteElo "1084"]
[BlackElo "1591"]
[PlyCount "66"]
[EventDate "2012.04.??"]
[EventType "swiss"]
[EventRounds "9"]
[EventCountry "GER"]
[WhiteTeam "Königstein/Schwalbach Sfr."]
[BlackTeam "Burghaun SG"]

1. e4 c5 2. Bc4 d6 3. c3 Nf6 4. d3 a6 5. a3 e6 6. Nf3 Nc6 7. O-O Be7 8. Be3 Bd7
9. b4 b5 10. Ba2 O-O 11. c4 cxb4 12. cxb5 axb5 13. axb4 Nxb4 14. Nc3 Ra3 15.
Bb3 Rxa1 16. Qxa1 Nxd3 17. Rd1 Nc5 18. Bxc5 dxc5 19. e5 b4 20. Na4 Nd5 21. Bxd5
Bxa4 22. Bb3 Bxb3 23. Rxd8 Rxd8 24. h3 Rd1+ 25. Qxd1 Bxd1 26. Nd2 b3 27. Nc4
Be2 28. Nb2 c4 29. Na4 Bb4 30. f3 c3 31. Kf2 Bd1 32. Nxc3 Bxc3 33. f4 b2 0-1

[Event "Hessen Senioren-ch 2012  8th"]
[Site "Bad Sooden-Adf. (14.4.-22.4)"]
[Date "2012.04.15"]
[Round "2.85"]
[White "Schwichtenberg, Juergen"]
[Black "Freerksen, Uwe"]
[Result "1-0"]
[WhiteElo "1545"]
[BlackElo "1275"]
[PlyCount "72"]
[EventDate "2012.04.??"]
[EventType "swiss"]
[EventRounds "9"]
[EventCountry "GER"]
[WhiteTeam "Hofheim 1920 SV"]
[BlackTeam "Emden SK"]

1. b4 e5 2. Bb2 d6 3. b5 Nf6 4. c4 b6 5. e3 Bb7 6. Nf3 Nbd7 7. d4 e4 8. Nfd2
Rb8 9. Nc3 Be7 10. Qc2 d5 11. cxd5 Bxd5 12. Nxd5 Nxd5 13. Nxe4 Bb4+ 14. Bc3
Nxc3 15. Nxc3 O-O 16. Qb3 Bd6 17. g3 Nf6 18. Bg2 Qe7 19. O-O Kh8 20. Nd5 Nxd5
21. Bxd5 f5 22. Kg2 Qg5 23. h4 Qg6 24. Qd3 Qf6 25. f4 Be7 26. Rac1 Qd6 27. Bf3
Rf6 28. Rc6 Qd7 29. Rxf6 Bxf6 30. Rc1 Qf7 31. Qxf5 Qxa2+ 32. Qc2 Qxc2+ 33. Rxc2
Re8 34. Kf2 Bd8 35. Ra2 g5 36. hxg5 Bxg5 1-0

[Event "Hessen Senioren-ch 2012  8th"]
[Site "Bad Sooden-Adf. (14.4.-22.4)"]
[Date "2012.04.15"]
[Round "2.86"]
[White "Ludwig, Siegfried"]
[Black "Marinoni, Rainer"]
[Result "1-0"]
[WhiteElo "1412"]
[BlackElo "1151"]
[PlyCount "43"]
[EventDate "2012.04.??"]
[EventType "swiss"]
[EventRounds "9"]
[EventCountry "GER"]
[WhiteTeam "Hemmingen GSV"]
[BlackTeam "Eschwege SC"]

1. e4 e5 2. Nf3 Nc6 3. Nc3 Bc5 4. d3 Nf6 5. Bg5 Bd4 6. Nxd4 Nxd4 7. Nd5 c6 8.
Nxf6+ gxf6 9. Be3 Ne6 10. c3 d5 11. Qc2 d4 12. Bd2 Rg8 13. O-O-O dxc3 14. Qxc3
Nd4 15. Be3 Be6 16. Kb1 Bg4 17. f3 Nxf3 18. gxf3 Bxf3 19. Bh3 h5 20. Rhg1 Rxg1
21. Rxg1 Kf8 22. Bc5+ 1-0

[Event "Hessen Senioren-ch 2012  8th"]
[Site "Bad Sooden-Adf. (14.4.-22.4)"]
[Date "2012.04.15"]
[Round "2.87"]
[White "Scholze, Roland"]
[Black "Bartl, Birgit"]
[Result "1-0"]
[WhiteElo "1630"]
[BlackElo "1096"]
[PlyCount "47"]
[EventDate "2012.04.??"]
[EventType "swiss"]
[EventRounds "9"]
[EventCountry "GER"]
[WhiteTeam "Dresden Lok SV"]
[BlackTeam "Erfurt USV"]

1. e4 c5 2. Nc3 e6 3. f4 Nc6 4. Nf3 d5 5. exd5 exd5 6. Bb5 Nf6 7. O-O Be7 8.
Bxc6+ bxc6 9. d3 O-O 10. Ne5 Bb7 11. Qe1 d4 12. Ne2 Rc8 13. Ng3 Nd5 14. Nf5 Re8
15. Qg3 Bf6 16. Nh6+ Kf8 17. Nhxf7 Qe7 18. Bd2 Bh4 19. Qg4 Rc7 20. g3 Bf6 21.
Rfe1 Kg8 22. Nh6+ Kf8 23. Nf5 Qe6 24. Ng6+ 1-0

[Event "Hessen Senioren-ch 2012  8th"]
[Site "Bad Sooden-Adf. (14.4.-22.4)"]
[Date "2012.04.15"]
[Round "2.88"]
[White "Willms, Willi"]
[Black "Hopp, Barbara Dr"]
[Result "1-0"]
[WhiteElo "1695"]
[BlackElo "1413"]
[PlyCount "113"]
[EventDate "2012.04.??"]
[EventType "swiss"]
[EventRounds "9"]
[EventCountry "GER"]
[WhiteTeam "Rheydter SV"]
[BlackTeam "Oberursel SV"]

1. e4 c5 2. Nf3 a6 3. d4 cxd4 4. Nxd4 e6 5. Nc3 Nc6 6. Be3 Bb4 7. Qd2 Nge7 8.
a3 Qa5 9. Bd3 O-O 10. O-O Bd6 11. Nxc6 dxc6 12. b4 Qc7 13. f4 f6 14. g3 b5 15.
Rf2 c5 16. Na2 Bb7 17. c4 bxc4 18. Bxc4 Bxe4 19. Bxe6+ Kh8 20. Rc1 Rfd8 21. Qe1
Qb7 22. Bxc5 Bxc5 23. Rxc5 Rac8 24. Bxc8 Nxc8 25. Rd2 Re8 26. Nc3 Bc6 27. Re2
Rg8 28. Nd1 Bb5 29. Re3 h6 30. Nc3 Bc6 31. Ne4 Qd7 32. Qd2 Qb7 33. Nf2 Nb6 34.
Rec3 Rc8 35. Qc1 Bd7 36. Rxc8+ Nxc8 37. Rc7 Qd5 38. Rxc8+ Bxc8 39. Qxc8+ Kh7
40. Qxa6 f5 41. Qd3 Qe6 42. h3 h5 43. Qb1 Qg6 44. Kh2 Qe6 45. Qc2 Kh6 46. h4
Kg6 47. Nd3 Kh6 48. Ne5 g6 49. a4 Qb6 50. Nc6 Qe3 51. b5 Qb6 52. Qb2 Kh7 53. a5
Qc7 54. a6 Qb6 55. a7 Qb7 56. b6 Kg8 57. Nd8 1-0

[Event "Hessen Senioren-ch 2012  8th"]
[Site "Bad Sooden-Adf. (14.4.-22.4)"]
[Date "2012.04.15"]
[Round "2.89"]
[White "Wolff, Heinz(37)"]
[Black "Jobski, Werner"]
[Result "1-0"]
[WhiteElo "1416"]
[BlackElo "1483"]
[PlyCount "67"]
[EventDate "2012.04.??"]
[EventType "swiss"]
[EventRounds "9"]
[EventCountry "GER"]
[WhiteTeam "Bad Langensalza SV"]
[BlackTeam "Schwerte 1951 Sfr."]

1. d4 Nf6 2. Nf3 d6 3. c4 Bd7 4. Nc3 g6 5. e4 Bg7 6. Bd3 O-O 7. O-O c6 8. h3
Nh5 9. g4 Nf6 10. e5 dxe5 11. dxe5 Ne8 12. Be3 Qc7 13. Bc5 Bc8 14. Re1 b6 15.
Ba3 Bb7 16. b3 Na6 17. Rb1 Rd8 18. Qe2 Nc5 19. Bc2 Ne6 20. Bc1 Nd4 21. Nxd4
Rxd4 22. Be3 Rd8 23. Bf4 Rd4 24. Bg3 e6 25. Rbd1 Rxd1 26. Rxd1 c5 27. Nb5 Qc6
28. f3 Nc7 29. Be4 Qe8 30. Bxb7 Nxb5 31. cxb5 Qb8 32. Bc6 f6 33. Kg2 f5 34. f4
1-0

[Event "Hessen Senioren-ch 2012  8th"]
[Site "Bad Sooden-Adf. (14.4.-22.4)"]
[Date "2012.04.15"]
[Round "2.90"]
[White "Stratmann, Alois"]
[Black "Schmieder, Wolfgang"]
[Result "1/2-1/2"]
[WhiteElo "1382"]
[BlackElo "1551"]
[PlyCount "49"]
[EventDate "2012.04.??"]
[EventType "swiss"]
[EventRounds "9"]
[EventCountry "GER"]
[WhiteTeam "Ahlen 1954 SV"]
[BlackTeam "Kassel SVH"]

1. c4 c5 2. Nf3 Nc6 3. g3 Nf6 4. Bg2 g6 5. d3 Bg7 6. O-O O-O 7. a3 h6 8. Nbd2
Kh7 9. Rb1 Ng8 10. b4 cxb4 11. axb4 e5 12. b5 Nce7 13. Ne4 d5 14. cxd5 Nxd5 15.
Bd2 b6 16. Qc1 Bb7 17. Qa3 f5 18. Nd6 Qd7 19. Nxb7 Qxb7 20. Qb3 Rad8 21. Rfc1
Nge7 22. Ne1 Qd7 23. Bb4 Rf7 24. Bxe7 Rxe7 25. h4 1/2-1/2